000 00772nam a2200205 a 4500
001 BRCA_6787
005 20190320205605.0
008 311011s1952----mx-ad#####---#000-0#spa-#
041 _aspa
044 _amx
050 4 _aHG4028
_b.V3 E88
_c1952
245 1 0 _aEstudios de valuación
_bponencias que el Comite de México somete a la alta consideración de la 2da. Convención Panamericana de Valuaciones que se efectuará en la ciudad de Santiago, República de Chile, durante los días 12 al 19 de octubre de 1952.
260 _aMéxico
_bComisión Nacional Bancaria de México
_c1952
300 _a137 p.
_bil., gráficas
_c24 cm.
500 _aI144
650 1 4 _aValoración
_916926
650 1 4 _aComisión Nacional Bancaria
_916927
902 _aGFM
942 _2lcc
_cB
999 _c6470
_d6470